000 00614nam a22002057a 4500
003 PILC
005 20151027150039.0
008 130927t xxu||||| |||| 00| 0 eng d
020 _a9780745151168
050 _aTL 547
_b.M478 1992
082 _aGS 507.24
_bC813 1992
100 _aMcCormick, Frank
_921859
245 _aExperiments with flight /
_cFrank McCormick.
260 _aBath,Avon :
_bCherrytree Press ltd,
_c1992.
300 _a47 p. :
_bcol. ill. ;
_c25 cm.
500 _aIncludes index.
650 _aScience
_xexperiments using floating objects.
_921860
942 _2lcc
_cBK
999 _c12180
_d12180